[Event "Rapid"]
[Site "Estonia Resort Hotel & Spa conference center, Pärnu, EE"]
[Date "2025.08.17"]
[Round "1"]
[White "Jefimovs, Akims"]
[Black "Mayorau, Mikita"]
[Result "0-1"]
[Board "8"]
[WhiteFideId "11649470"]
[BlackFideId "13501720"]
[BlackTitle "GM"]
[WhiteElo "1800"]
[BlackElo "2433"]
[WhiteTeam "LAT"]
[BlackTeam "POL"]
[WhiteClock "0:00:15"]
[BlackClock "0:00:25"]
[Variant "Standard"]

1. d4 {[%clk 0:15:02]}  d5 {[%clk 0:14:59]} 2. Bg5 {[%clk 0:15:03]}  c6 {[%clk 0:14:59]} 3. e3 {[%clk 0:14:46]}  h6 {[%clk 0:14:47]} 4. Bh4 {[%clk 0:14:45]}  Qb6 {[%clk 0:14:48]} 5. Nd2 {[%clk 0:14:35]}  Bf5 {[%clk 0:14:45]} 6. Qc1 {[%clk 0:14:13]}  e6 {[%clk 0:14:44]} 7. Ngf3 {[%clk 0:13:50]}  Nd7 {[%clk 0:14:45]} 8. Be2 {[%clk 0:13:41]}  Ngf6 {[%clk 0:14:44]} 9. c4 {[%clk 0:13:15]}  Be7 {[%clk 0:14:33]} 10. O-O {[%clk 0:12:25]}  O-O {[%clk 0:14:27]} 11. Ne5 {[%clk 0:12:04]}  Qd8 {[%clk 0:14:24]} 12. Ndf3 {[%clk 0:11:57]}  Rc8 {[%clk 0:13:45]} 13. c5 {[%clk 0:11:22]}  Be4 {[%clk 0:13:19]} 14. Nxd7 {[%clk 0:10:56]}  Nxd7 {[%clk 0:13:09]} 15. Bxe7 {[%clk 0:10:46]}  Qxe7 {[%clk 0:13:10]} 16. Nd2 {[%clk 0:10:46]}  Bh7 {[%clk 0:13:10]} 17. f4 {[%clk 0:10:16]}  f6 {[%clk 0:12:52]} 18. Bg4 {[%clk 0:09:59]}  Rcd8 {[%clk 0:12:47]} 19. Qc3 {[%clk 0:09:40]}  a6 {[%clk 0:11:41]} 20. b4 {[%clk 0:09:00]}  g5 {[%clk 0:11:22]} 21. g3 {[%clk 0:08:31]}  Kh8 {[%clk 0:11:21]} 22. Kh1 {[%clk 0:08:21]}  gxf4 {[%clk 0:11:09]} 23. exf4 {[%clk 0:08:06]}  Rg8 {[%clk 0:10:10]} 24. Bh3 {[%clk 0:07:40]}  Rde8 {[%clk 0:09:30]} 25. Rae1 {[%clk 0:07:02]}  Qf7 {[%clk 0:09:31]} 26. a4 {[%clk 0:06:47]}  Re7 {[%clk 0:09:07]} 27. Bg2 {[%clk 0:06:04]}  h5 {[%clk 0:09:04]} 28. Nf3 {[%clk 0:05:45]}  Be4 {[%clk 0:08:56]} 29. Nh4 {[%clk 0:05:36]}  f5 {[%clk 0:08:55]} 30. Bxe4 {[%clk 0:05:17]}  fxe4 {[%clk 0:05:40]} 31. f5 {[%clk 0:04:41]}  Ree8 {[%clk 0:04:54]} 32. Qe3 {[%clk 0:04:18]}  Qf6 {[%clk 0:01:50]} 33. Qe2 {[%clk 0:02:24]}  Rg5 {[%clk 0:01:35]} 34. fxe6 {[%clk 0:01:29]}  Qxe6 {[%clk 0:01:36]} 35. Qe3 {[%clk 0:01:31]}  Reg8 {[%clk 0:01:23]} 36. Rf2 {[%clk 0:01:00]}  Nf6 {[%clk 0:01:07]} 37. Rf5 {[%clk 0:00:23]}  Ng4 {[%clk 0:00:43]} 38. Qf4 {[%clk 0:00:15]}  Rxf5 {[%clk 0:00:39]} 39. Qxf5 {[%clk 0:00:14]}  Qxf5 {[%clk 0:00:35]} 40. Nxf5 {[%clk 0:00:16]}  Rf8 {[%clk 0:00:34]} 41. Rf1 {[%clk 0:00:12]}  Nh6 {[%clk 0:00:32]} 42. Ne3 {[%clk 0:00:14]}  Rxf1+ {[%clk 0:00:33]} 43. Nxf1 {[%clk 0:00:16]}  Nf5 {[%clk 0:00:35]} 44. Kg2 {[%clk 0:00:13]}  Nxd4 {[%clk 0:00:35]} 45. Ne3 {[%clk 0:00:15]}  Kg7 {[%clk 0:00:32]} 46. Kf2 {[%clk 0:00:15]}  Kf6 {[%clk 0:00:33]} 47. Ke1 {[%clk 0:00:16]}  Nf3+ {[%clk 0:00:33]} 48. Ke2 {[%clk 0:00:16]}  Nxh2 {[%clk 0:00:33]} 49. b5 {[%clk 0:00:17]}  axb5 {[%clk 0:00:32]} 50. axb5 {[%clk 0:00:16]}  Nf3 {[%clk 0:00:19]} 51. bxc6 {[%clk 0:00:09]}  bxc6 {[%clk 0:00:20]} 52. Nc2 {[%clk 0:00:12]}  Ke5 {[%clk 0:00:16]} 53. Nb4 {[%clk 0:00:12]}  Nd4+ {[%clk 0:00:17]} 54. Ke3 {[%clk 0:00:13]}  Nf5+ {[%clk 0:00:19]} 55. Kf2 {[%clk 0:00:12]}  Ne7 {[%clk 0:00:21]} 56. Ke2 {[%clk 0:00:09]}  Kd4 {[%clk 0:00:18]} 57. Na6 {[%clk 0:00:10]}  Kc4 {[%clk 0:00:14]} 58. Ke3 {[%clk 0:00:09]}  Kb5 {[%clk 0:00:14]} 59. Nc7+ {[%clk 0:00:10]}  Kxc5 {[%clk 0:00:16]} 60. Ne6+ {[%clk 0:00:12]}  Kd6 {[%clk 0:00:18]} 61. Ng7 {[%clk 0:00:14]}  Ke5 {[%clk 0:00:18]} 62. Nxh5 {[%clk 0:00:14]}  d4+ {[%clk 0:00:19]} 63. Ke2 {[%clk 0:00:16]}  d3+ {[%clk 0:00:20]} 64. Kd2 {[%clk 0:00:16]}  Kd4 {[%clk 0:00:21]} 65. Nf4 {[%clk 0:00:17]}  e3+ {[%clk 0:00:23]} 66. Kd1 {[%clk 0:00:19]}  Nd5 {[%clk 0:00:21]} 67. Ne6+ {[%clk 0:00:19]}  Kc3 {[%clk 0:00:22]} 68. g4 {[%clk 0:00:16]}  e2+ {[%clk 0:00:22]} 69. Ke1 {[%clk 0:00:18]}  Ne3 {[%clk 0:00:21]} 70. g5 {[%clk 0:00:13]}  Nc2+ {[%clk 0:00:23]} 71. Kf2 {[%clk 0:00:15]}  e1=Q+ {[%clk 0:00:25]} 0-1

[Event "Rapid"]
[Site "Estonia Resort Hotel & Spa conference center, Pärnu, EE"]
[Date "2025.08.17"]
[Round "1"]
[White "Lapshun, Yury"]
[Black "Verhni, Vladimir"]
[Result "1/2-1/2"]
[Board "9"]
[WhiteFideId "2006960"]
[BlackFideId "4509315"]
[WhiteTitle "IM"]
[WhiteElo "2416"]
[BlackElo "1800"]
[WhiteTeam "USA"]
[BlackTeam "EST"]
[WhiteClock "0:00:00"]
[BlackClock "0:00:00"]
[Variant "Standard"]

1. b4 {[%clk 0:15:03]}  Nf6 {[%clk 0:15:03]} 2. Bb2 {[%clk 0:15:03]}  g6 {[%clk 0:15:03]} 3. c4 {[%clk 0:00:00]}  Bg7 {[%clk 0:00:00]} 4. Nf3 {[%clk 0:00:00]}  d6 {[%clk 0:00:00]} 5. d4 {[%clk 0:00:00]}  Bg4 {[%clk 0:00:00]} 6. Nbd2 {[%clk 0:00:00]}  Nbd7 {[%clk 0:00:00]} 7. h3 {[%clk 0:00:00]}  Bxf3 {[%clk 0:00:00]} 8. Nxf3 {[%clk 0:00:00]}  a5 {[%clk 0:00:00]} 9. b5 {[%clk 0:00:00]}  c6 {[%clk 0:00:00]} 10. a4 {[%clk 0:00:00]}  cxb5 {[%clk 0:00:00]} 11. axb5 {[%clk 0:00:00]}  b6 {[%clk 0:00:00]} 12. e3 {[%clk 0:00:00]}  O-O {[%clk 0:00:00]} 13. Be2 {[%clk 0:00:00]}  Re8 {[%clk 0:00:00]} 14. O-O {[%clk 0:00:00]}  Qc7 {[%clk 0:00:00]} 15. Qb3 {[%clk 0:00:00]}  e5 {[%clk 0:00:00]} 16. Rfd1 {[%clk 0:00:00]}  exd4 {[%clk 0:00:00]} 17. Nxd4 {[%clk 0:00:00]}  Nc5 {[%clk 0:00:00]} 18. Qc2 {[%clk 0:00:00]}  Nfe4 {[%clk 0:00:00]} 19. Nc6 {[%clk 0:00:00]}  Re6 {[%clk 0:00:00]} 20. Bxg7 {[%clk 0:00:00]}  Kxg7 {[%clk 0:00:00]} 21. Bf3 {[%clk 0:00:00]}  Rae8 {[%clk 0:00:00]} 22. Bg4 {[%clk 0:00:00]}  Rf6 {[%clk 0:00:00]} 23. Bf3 {[%clk 0:00:00]}  Rfe6 {[%clk 0:00:00]} 24. Rd4 {[%clk 0:00:00]}  f5 {[%clk 0:00:00]} 25. Rad1 {[%clk 0:00:00]}  Rf8 {[%clk 0:00:00]} 26. Rd5 {[%clk 0:00:00]}  Nf6 {[%clk 0:00:00]} 27. Nd4 {[%clk 0:00:00]}  Nxd5 {[%clk 0:00:00]} 28. Nxe6+ {[%clk 0:00:00]}  Nxe6 {[%clk 0:00:00]} 29. Bxd5 {[%clk 0:00:00]}  Nc5 {[%clk 0:00:00]} 30. Qc3+ {[%clk 0:00:00]}  Kh6 {[%clk 0:00:00]} 31. Bc6 {[%clk 0:00:00]}  Qe7 {[%clk 0:00:00]} 32. Qd2 {[%clk 0:00:00]}  Rf6 {[%clk 0:00:00]} 33. e4+ {[%clk 0:00:00]}  Kg7 {[%clk 0:00:00]} 34. exf5 {[%clk 0:00:00]}  gxf5 {[%clk 0:00:00]} 35. Qg5+ {[%clk 0:00:00]}  Kf8 {[%clk 0:00:00]} 36. Bd5 {[%clk 0:00:00]}  Qg7 {[%clk 0:00:00]} 37. Qf4 {[%clk 0:00:00]}  Qh6 {[%clk 0:00:00]} 38. Qd4 {[%clk 0:00:00]}  Qg7 {[%clk 0:00:00]} 39. Re1 {[%clk 0:00:00]}  Rg6 {[%clk 0:00:00]} 40. Qe3 {[%clk 0:00:00]}  Qd7 {[%clk 0:00:00]} 41. Qf4 {[%clk 0:00:00]}  Nd3 {[%clk 0:00:00]} 42. Qe3 {[%clk 0:00:00]}  Nxe1 {[%clk 0:00:00]} 43. Qxe1 {[%clk 0:00:00]}  Qe7 {[%clk 0:00:00]} 44. Qd1 {[%clk 0:00:00]}  Qe5 {[%clk 0:00:00]} 45. Qf3 {[%clk 0:00:00]}  Kg7 {[%clk 0:00:00]} 46. g3 {[%clk 0:00:00]}  Kf6 {[%clk 0:00:00]} 47. Kg2 {[%clk 0:00:00]}  Kg7 {[%clk 0:00:00]} 48. Ba8 {[%clk 0:00:00]}  f4 {[%clk 0:00:00]} 49. g4 {[%clk 0:00:00]}  h5 {[%clk 0:00:00]} 50. Qd1 {[%clk 0:00:00]}  hxg4 {[%clk 0:00:00]} 51. hxg4 {[%clk 0:00:00]}  Qe6 {[%clk 0:00:00]} 52. Qd4+ {[%clk 0:00:00]}  Qe5 {[%clk 0:00:00]} 53. Qxb6 {[%clk 0:00:00]}  Rxg4+ {[%clk 0:00:00]} 54. Kf3 {[%clk 0:00:00]}  Rh4 {[%clk 0:00:00]} 55. Qc7+ {[%clk 0:00:00]}  Kh6 {[%clk 0:00:00]} 1/2-1/2

[Event "Rapid"]
[Site "Estonia Resort Hotel & Spa conference center, Pärnu, EE"]
[Date "2025.08.17"]
[Round "2"]
[White "Tolmacevs, Romans"]
[Black "Laurusas, Tomas"]
[Result "0-1"]
[Board "1"]
[WhiteFideId "11618590"]
[BlackFideId "12803731"]
[BlackTitle "GM"]
[WhiteElo "2084"]
[BlackElo "2576"]
[WhiteTeam "LAT"]
[BlackTeam "LTU"]
[WhiteClock "0:05:31"]
[BlackClock "0:04:31"]
[Variant "Standard"]

1. e4 {[%clk 0:15:05]}  d6 {[%clk 0:15:05]} 2. d4 {[%clk 0:15:02]}  Nf6 {[%clk 0:15:06]} 3. Nc3 {[%clk 0:15:03]}  c6 {[%clk 0:15:08]} 4. f3 {[%clk 0:15:03]}  Nbd7 {[%clk 0:14:59]} 5. Be3 {[%clk 0:15:02]}  b5 {[%clk 0:14:49]} 6. Qd2 {[%clk 0:15:02]}  e5 {[%clk 0:14:40]} 7. O-O-O {[%clk 0:14:54]}  Be7 {[%clk 0:14:10]} 8. g4 {[%clk 0:14:49]}  O-O {[%clk 0:13:59]} 9. h4 {[%clk 0:14:50]}  Nb6 {[%clk 0:13:05]} 10. Qf2 {[%clk 0:13:58]}  Qc7 {[%clk 0:13:02]} 11. h5 {[%clk 0:12:48]}  b4 {[%clk 0:12:52]} 12. Nb1 {[%clk 0:12:41]}  h6 {[%clk 0:12:33]} 13. Qd2 {[%clk 0:12:07]}  exd4 {[%clk 0:10:53]} 14. Bxd4 {[%clk 0:11:08]}  c5 {[%clk 0:10:55]} 15. Be3 {[%clk 0:10:53]}  d5 {[%clk 0:10:57]} 16. Bf4 {[%clk 0:09:58]}  Bd6 {[%clk 0:10:59]} 17. Bxd6 {[%clk 0:09:39]}  Qxd6 {[%clk 0:11:01]} 18. exd5 {[%clk 0:09:41]}  Nfxd5 {[%clk 0:10:46]} 19. c4 {[%clk 0:09:14]}  bxc3 {[%clk 0:10:47]} 20. Nxc3 {[%clk 0:09:15]}  Be6 {[%clk 0:10:49]} 21. Bd3 {[%clk 0:09:03]}  Rad8 {[%clk 0:06:53]} 22. Qh2 {[%clk 0:07:39]}  Qe7 {[%clk 0:05:44]} 23. Qe5 {[%clk 0:07:04]}  Nxc3 {[%clk 0:05:22]} 24. Qxc3 {[%clk 0:06:16]}  Bxa2 {[%clk 0:05:23]} 25. Re1 {[%clk 0:05:59]}  Qg5+ {[%clk 0:05:16]} 26. Kc2 {[%clk 0:05:58]}  Nd5 {[%clk 0:05:16]} 27. Re5 {[%clk 0:05:42]}  Nb4+ {[%clk 0:04:49]} 28. Qxb4 {[%clk 0:05:40]}  cxb4 {[%clk 0:04:39]} 29. Rxg5 {[%clk 0:05:41]}  hxg5 {[%clk 0:04:32]} 30. Ne2 {[%clk 0:05:31]}  Bb3+ {[%clk 0:04:31]} 0-1

[Event "Rapid"]
[Site "Estonia Resort Hotel & Spa conference center, Pärnu, EE"]
[Date "2025.08.17"]
[Round "2"]
[White "Bindrich, Oswald"]
[Black "Meshkovs, Nikita"]
[Result "0-1"]
[Board "3"]
[WhiteFideId "4633024"]
[BlackFideId "11602740"]
[BlackTitle "GM"]
[WhiteElo "2067"]
[BlackElo "2552"]
[WhiteTeam "GER"]
[BlackTeam "LAT"]
[WhiteClock "0:08:13"]
[BlackClock "0:09:28"]
[Variant "Standard"]

1. e4 {[%clk 0:15:05]}  c5 {[%clk 0:15:04]} 2. Nf3 {[%clk 0:15:06]}  Nc6 {[%clk 0:15:01]} 3. d4 {[%clk 0:15:06]}  cxd4 {[%clk 0:15:02]} 4. Nxd4 {[%clk 0:15:08]}  e6 {[%clk 0:15:03]} 5. Nc3 {[%clk 0:15:03]}  Qc7 {[%clk 0:15:04]} 6. Be3 {[%clk 0:14:55]}  a6 {[%clk 0:15:06]} 7. Nxc6 {[%clk 0:14:56]}  bxc6 {[%clk 0:14:54]} 8. f4 {[%clk 0:14:44]}  Rb8 {[%clk 0:14:54]} 9. Rb1 {[%clk 0:14:26]}  Qa5 {[%clk 0:14:40]} 10. Bd3 {[%clk 0:13:54]}  Rxb2 {[%clk 0:14:35]} 11. Bd2 {[%clk 0:13:45]}  Rxb1 {[%clk 0:14:16]} 12. Qxb1 {[%clk 0:13:40]}  Bb4 {[%clk 0:14:14]} 13. Qb3 {[%clk 0:13:04]}  Ne7 {[%clk 0:14:07]} 14. O-O {[%clk 0:12:30]}  d5 {[%clk 0:13:56]} 15. Rb1 {[%clk 0:11:50]}  Bc5+ {[%clk 0:13:06]} 16. Kh1 {[%clk 0:11:45]}  Qc7 {[%clk 0:13:05]} 17. Na4 {[%clk 0:11:32]}  Ba7 {[%clk 0:13:01]} 18. Nb6 {[%clk 0:11:05]}  O-O {[%clk 0:12:14]} 19. Nxc8 {[%clk 0:10:06]}  Rxc8 {[%clk 0:12:15]} 20. Qb7 {[%clk 0:10:03]}  Rb8 {[%clk 0:12:05]} 21. Bxa6 {[%clk 0:09:29]}  Rxb7 {[%clk 0:11:08]} 22. Rxb7 {[%clk 0:09:29]}  Qd8 {[%clk 0:10:35]} 23. Rxa7 {[%clk 0:09:16]}  h5 {[%clk 0:10:16]} 24. h3 {[%clk 0:09:08]}  dxe4 {[%clk 0:10:14]} 25. Be3 {[%clk 0:08:23]}  Nf5 {[%clk 0:10:11]} 26. Bg1 {[%clk 0:08:13]}  Qd2 {[%clk 0:09:28]} 0-1

[Event "Rapid"]
[Site "Estonia Resort Hotel & Spa conference center, Pärnu, EE"]
[Date "2025.08.17"]
[Round "2"]
[White "Keinanen, Toivo"]
[Black "Olde, Grete"]
[Result "0-1"]
[Board "4"]
[WhiteFideId "509825"]
[BlackFideId "4503104"]
[WhiteTitle "IM"]
[BlackTitle "WCM"]
[WhiteElo "2526"]
[BlackElo "2073"]
[WhiteTeam "FIN"]
[BlackTeam "EST"]
[WhiteClock "0:00:08"]
[BlackClock "0:00:17"]
[Variant "Standard"]

1. c4 {[%clk 0:15:03]}  e5 {[%clk 0:15:05]} 2. g3 {[%clk 0:14:59]}  Nf6 {[%clk 0:15:04]} 3. Bg2 {[%clk 0:15:00]}  Nc6 {[%clk 0:15:00]} 4. Nf3 {[%clk 0:15:01]}  d5 {[%clk 0:14:58]} 5. cxd5 {[%clk 0:15:00]}  Nxd5 {[%clk 0:15:00]} 6. O-O {[%clk 0:15:01]}  Bc5 {[%clk 0:14:40]} 7. Nc3 {[%clk 0:13:34]}  Be6 {[%clk 0:14:18]} 8. d3 {[%clk 0:13:22]}  O-O {[%clk 0:13:23]} 9. Ng5 {[%clk 0:13:02]}  Nxc3 {[%clk 0:13:10]} 10. bxc3 {[%clk 0:13:04]}  Bg4 {[%clk 0:12:58]} 11. Rb1 {[%clk 0:12:55]}  Bb6 {[%clk 0:12:48]} 12. a4 {[%clk 0:12:04]}  h6 {[%clk 0:12:06]} 13. Ne4 {[%clk 0:11:45]}  f5 {[%clk 0:11:56]} 14. Nd2 {[%clk 0:11:46]}  Qf6 {[%clk 0:11:48]} 15. Ba3 {[%clk 0:11:34]}  Rfe8 {[%clk 0:11:30]} 16. Nc4 {[%clk 0:10:07]}  Rad8 {[%clk 0:10:52]} 17. Qc2 {[%clk 0:09:03]}  f4 {[%clk 0:08:23]} 18. Rbe1 {[%clk 0:07:25]}  Qg6 {[%clk 0:07:33]} 19. Be4 {[%clk 0:04:14]}  Bf5 {[%clk 0:06:51]} 20. Kg2 {[%clk 0:04:11]}  h5 {[%clk 0:04:54]} 21. Nd2 {[%clk 0:03:28]}  h4 {[%clk 0:04:34]} 22. Qb3+ {[%clk 0:03:01]}  Kh8 {[%clk 0:04:25]} 23. Qc4 {[%clk 0:02:11]}  h3+ {[%clk 0:03:18]} 24. Kh1 {[%clk 0:02:14]}  Na5 {[%clk 0:02:38]} 25. Bxf5 {[%clk 0:02:00]}  Nxc4 {[%clk 0:01:42]} 26. Bxg6 {[%clk 0:02:02]}  Nxd2 {[%clk 0:01:43]} 27. Bxe8 {[%clk 0:02:02]}  Nxf1 {[%clk 0:01:35]} 28. Bf7 {[%clk 0:01:11]}  Nd2 {[%clk 0:01:05]} 29. f3 {[%clk 0:00:46]}  e4 {[%clk 0:00:34]} 30. dxe4 {[%clk 0:00:25]}  Bf2 {[%clk 0:00:21]} 31. Rd1 {[%clk 0:00:26]}  fxg3 {[%clk 0:00:21]} 32. hxg3 {[%clk 0:00:29]}  Bxg3 {[%clk 0:00:18]} 33. Be6 {[%clk 0:00:15]}  h2 {[%clk 0:00:14]} 34. Bc5 {[%clk 0:00:14]}  Re8 {[%clk 0:00:14]} 35. Bd7 {[%clk 0:00:14]}  Re5 {[%clk 0:00:12]} 36. Bd4 {[%clk 0:00:08]}  Re7 {[%clk 0:00:15]} 37. Bc8 {[%clk 0:00:08]}  Nb3 {[%clk 0:00:16]} 38. Be3 {[%clk 0:00:10]}  Na5 {[%clk 0:00:12]} 39. Bf5 {[%clk 0:00:09]}  Re8 {[%clk 0:00:12]} 40. f4 {[%clk 0:00:09]}  Nc4 {[%clk 0:00:14]} 41. Bd4 {[%clk 0:00:08]}  Nd6 {[%clk 0:00:16]} 42. Kg2 {[%clk 0:00:09]}  Bxf4 {[%clk 0:00:18]} 43. Kf3 {[%clk 0:00:07]}  Nxf5 {[%clk 0:00:17]} 44. Kxf4 {[%clk 0:00:06]}  Nd6 {[%clk 0:00:15]} 45. e5 {[%clk 0:00:07]}  Rf8+ {[%clk 0:00:18]} 46. Kg3 {[%clk 0:00:05]}  Nf5+ {[%clk 0:00:14]} 47. Kxh2 {[%clk 0:00:04]}  b6 {[%clk 0:00:16]} 48. Bf2 {[%clk 0:00:06]}  Re8 {[%clk 0:00:13]} 49. e4 {[%clk 0:00:06]}  Nh6 {[%clk 0:00:13]} 50. Bg3 {[%clk 0:00:07]}  Ng4+ {[%clk 0:00:14]} 51. Kg2 {[%clk 0:00:08]}  Ne3+ {[%clk 0:00:17]} 0-1

[Event "Rapid"]
[Site "Estonia Resort Hotel & Spa conference center, Pärnu, EE"]
[Date "2025.08.17"]
[Round "2"]
[White "Milius, Ignas"]
[Black "Kazakouski, Valery"]
[Result "0-1"]
[Board "5"]
[WhiteFideId "12826618"]
[BlackFideId "13507443"]
[BlackTitle "GM"]
[WhiteElo "2057"]
[BlackElo "2523"]
[WhiteTeam "LTU"]
[BlackTeam "LTU"]
[WhiteClock "0:00:08"]
[BlackClock "0:04:50"]
[Variant "Standard"]

1. d4 {[%clk 0:15:02]}  d6 {[%clk 0:14:59]} 2. Nf3 {[%clk 0:15:01]}  Nf6 {[%clk 0:14:59]} 3. c4 {[%clk 0:14:58]}  g6 {[%clk 0:15:00]} 4. Nc3 {[%clk 0:14:54]}  Bg7 {[%clk 0:15:00]} 5. g3 {[%clk 0:14:14]}  O-O {[%clk 0:14:36]} 6. Bg2 {[%clk 0:14:14]}  Bf5 {[%clk 0:14:37]} 7. Nh4 {[%clk 0:13:37]}  Bc8 {[%clk 0:14:38]} 8. Nf3 {[%clk 0:13:25]}  c6 {[%clk 0:14:39]} 9. h3 {[%clk 0:12:47]}  Bf5 {[%clk 0:14:33]} 10. O-O {[%clk 0:12:32]}  Ne4 {[%clk 0:14:30]} 11. Nh4 {[%clk 0:12:21]}  Nxc3 {[%clk 0:14:30]} 12. bxc3 {[%clk 0:12:22]}  Be6 {[%clk 0:14:18]} 13. Rb1 {[%clk 0:11:32]}  Qc8 {[%clk 0:13:28]} 14. Qb3 {[%clk 0:11:13]}  b5 {[%clk 0:13:13]} 15. d5 {[%clk 0:11:14]}  bxc4 {[%clk 0:13:09]} 16. Qxc4 {[%clk 0:10:45]}  cxd5 {[%clk 0:13:07]} 17. Qxc8 {[%clk 0:10:19]}  Rxc8 {[%clk 0:13:05]} 18. Rd1 {[%clk 0:08:26]}  Nd7 {[%clk 0:12:08]} 19. c4 {[%clk 0:07:52]}  Rxc4 {[%clk 0:11:52]} 20. Bxd5 {[%clk 0:06:06]}  Bxd5 {[%clk 0:11:42]} 21. Rxd5 {[%clk 0:06:07]}  Rc2 {[%clk 0:11:14]} 22. Rd2 {[%clk 0:05:33]}  Rc7 {[%clk 0:10:52]} 23. Rd5 {[%clk 0:03:46]}  Nb6 {[%clk 0:10:16]} 24. Ra5 {[%clk 0:03:39]}  Nc4 {[%clk 0:10:15]} 25. Ra6 {[%clk 0:03:30]}  Rac8 {[%clk 0:10:15]} 26. Ng2 {[%clk 0:03:03]}  d5 {[%clk 0:09:50]} 27. Ne3 {[%clk 0:02:39]}  e6 {[%clk 0:09:23]} 28. a4 {[%clk 0:01:52]}  Bd4 {[%clk 0:09:05]} 29. Ng4 {[%clk 0:01:12]}  h5 {[%clk 0:08:44]} 30. e3 {[%clk 0:01:14]}  Bc5 {[%clk 0:08:15]} 31. Nh2 {[%clk 0:00:55]}  Rc6 {[%clk 0:08:01]} 32. Rxc6 {[%clk 0:00:45]}  Rxc6 {[%clk 0:08:03]} 33. Nf3 {[%clk 0:00:45]}  Rb6 {[%clk 0:08:00]} 34. Ra1 {[%clk 0:00:32]}  Kf8 {[%clk 0:07:42]} 35. Kg2 {[%clk 0:00:25]}  Ke7 {[%clk 0:07:43]} 36. Ra2 {[%clk 0:00:23]}  Rb1 {[%clk 0:07:34]} 37. Rc2 {[%clk 0:00:22]}  Ra1 {[%clk 0:07:30]} 38. e4 {[%clk 0:00:11]}  Rxa4 {[%clk 0:06:17]} 39. exd5 {[%clk 0:00:13]}  exd5 {[%clk 0:06:19]} 40. Ne5 {[%clk 0:00:14]}  Bd6 {[%clk 0:05:26]} 41. Nd3 {[%clk 0:00:07]}  Kd7 {[%clk 0:05:12]} 42. Bg5 {[%clk 0:00:08]}  Ra3 {[%clk 0:05:12]} 43. Nf4 {[%clk 0:00:06]}  Bxf4 {[%clk 0:05:12]} 44. Bxf4 {[%clk 0:00:08]}  a5 {[%clk 0:05:09]} 45. g4 {[%clk 0:00:05]}  hxg4 {[%clk 0:05:11]} 46. hxg4 {[%clk 0:00:08]}  a4 {[%clk 0:05:12]} 47. Bh6 {[%clk 0:00:05]}  Rb3 {[%clk 0:05:10]} 48. Bg7 {[%clk 0:00:06]}  a3 {[%clk 0:05:09]} 49. Rc1 {[%clk 0:00:04]}  a2 {[%clk 0:04:58]} 50. Ra1 {[%clk 0:00:05]}  Ra3 {[%clk 0:04:59]} 51. Kf1 {[%clk 0:00:05]}  Nd2+ {[%clk 0:04:46]} 52. Ke2 {[%clk 0:00:07]}  Nb3 {[%clk 0:04:48]} 53. Rd1 {[%clk 0:00:05]}  d4 {[%clk 0:04:48]} 54. Bxd4 {[%clk 0:00:05]}  Nxd4+ {[%clk 0:04:50]} 55. Rxd4+ {[%clk 0:00:08]}  Ke6 {[%clk 0:04:50]} 0-1

[Event "Rapid"]
[Site "Estonia Resort Hotel & Spa conference center, Pärnu, EE"]
[Date "2025.08.17"]
[Round "2"]
[White "Neiksans, Arturs"]
[Black "Luong Phuong Hanh"]
[Result "1-0"]
[Board "6"]
[WhiteFideId "11601388"]
[BlackFideId "12401013"]
[WhiteTitle "GM"]
[BlackTitle "WIM"]
[WhiteElo "2514"]
[BlackElo "2063"]
[WhiteTeam "LAT"]
[BlackTeam "VIE"]
[WhiteClock "0:00:30"]
[BlackClock "0:03:48"]
[Variant "Standard"]

1. Nf3 {[%clk 0:15:04]}  Nf6 {[%clk 0:15:04]} 2. c4 {[%clk 0:15:00]}  e6 {[%clk 0:15:05]} 3. g3 {[%clk 0:15:01]}  d5 {[%clk 0:15:06]} 4. Bg2 {[%clk 0:15:03]}  a6 {[%clk 0:14:59]} 5. b3 {[%clk 0:14:51]}  c5 {[%clk 0:14:47]} 6. cxd5 {[%clk 0:14:40]}  exd5 {[%clk 0:14:44]} 7. d4 {[%clk 0:14:37]}  Nc6 {[%clk 0:14:43]} 8. O-O {[%clk 0:14:31]}  cxd4 {[%clk 0:14:27]} 9. Nxd4 {[%clk 0:14:19]}  Be7 {[%clk 0:14:29]} 10. Bb2 {[%clk 0:14:12]}  O-O {[%clk 0:14:29]} 11. Nc3 {[%clk 0:13:45]}  Ne5 {[%clk 0:14:05]} 12. Qd2 {[%clk 0:12:56]}  Bb4 {[%clk 0:13:51]} 13. Rac1 {[%clk 0:12:01]}  Ne4 {[%clk 0:13:17]} 14. Qc2 {[%clk 0:11:35]}  Nxc3 {[%clk 0:13:06]} 15. Bxc3 {[%clk 0:11:36]}  Bxc3 {[%clk 0:13:05]} 16. Qxc3 {[%clk 0:11:37]}  Bg4 {[%clk 0:12:53]} 17. Qc7 {[%clk 0:09:48]}  Nc6 {[%clk 0:11:54]} 18. Qf4 {[%clk 0:09:49]}  Qd7 {[%clk 0:10:40]} 19. e3 {[%clk 0:09:51]}  Rac8 {[%clk 0:09:53]} 20. Bxd5 {[%clk 0:06:39]}  Nb4 {[%clk 0:09:39]} 21. Rxc8 {[%clk 0:06:32]}  Qxc8 {[%clk 0:09:40]} 22. Bxb7 {[%clk 0:06:27]}  Qxb7 {[%clk 0:09:24]} 23. Qxg4 {[%clk 0:06:28]}  Nxa2 {[%clk 0:09:16]} 24. Ra1 {[%clk 0:05:16]}  Nc3 {[%clk 0:07:24]} 25. Rc1 {[%clk 0:04:31]}  Qb4 {[%clk 0:06:56]} 26. Kg2 {[%clk 0:03:52]}  g6 {[%clk 0:06:51]} 27. h4 {[%clk 0:03:46]}  h5 {[%clk 0:06:45]} 28. Qd7 {[%clk 0:03:15]}  Ne4 {[%clk 0:06:21]} 29. Rc2 {[%clk 0:03:02]}  Qe1 {[%clk 0:05:59]} 30. Qc6 {[%clk 0:02:44]}  Nd2 {[%clk 0:05:08]} 31. Qxa6 {[%clk 0:02:44]}  Rb8 {[%clk 0:04:46]} 32. Qd3 {[%clk 0:02:36]}  Nb1 {[%clk 0:04:41]} 33. Nc6 {[%clk 0:01:58]}  Ra8 {[%clk 0:04:31]} 34. Qd4 {[%clk 0:01:43]}  Na3 {[%clk 0:04:25]} 35. Ne7+ {[%clk 0:01:27]}  Kh7 {[%clk 0:04:27]} 36. Rc7 {[%clk 0:01:17]}  Qa5 {[%clk 0:04:07]} 37. Qf6 {[%clk 0:00:59]}  Rf8 {[%clk 0:04:04]} 38. Rd7 {[%clk 0:00:42]}  Qa8+ {[%clk 0:03:58]} 39. Kg1 {[%clk 0:00:37]}  Qe4 {[%clk 0:03:59]} 40. Rd4 {[%clk 0:00:28]}  Qb1+ {[%clk 0:04:00]} 41. Kg2 {[%clk 0:00:31]}  Qxb3 {[%clk 0:03:59]} 42. Nxg6 {[%clk 0:00:29]}  Qb7+ {[%clk 0:03:49]} 43. Kh2 {[%clk 0:00:29]}  fxg6 {[%clk 0:03:48]} 44. Qxf8 {[%clk 0:00:30]} 1-0